000 01112nam a2200301Ia 4500
001 ebr10091337
003 CaPaEBR
006 m u
007 cr cn|||||||||
008 010410s2004 enka s 000 0 eng d
020 _z1859591108
040 _aCaPaEBR
_cCaPaEBR
035 _a(OCoLC)84860301
050 1 4 _aRC382
_b.M33 2004eb
100 1 _aMcCall, Bridget.
245 1 0 _aParkinson's
_h[electronic resource] :
_bthe "At Your Fingertips" Guide /
_cBridget McCall.
250 _a3rd ed.
260 _aLondon :
_bClass Publishing,
_cc2004.
300 _axii 298 p. :
_bill.
533 _aElectronic reproduction.
_bPalo Alto, Calif. :
_cebrary,
_d2009.
_nAvailable via World Wide Web.
_nAccess may be limited to ebrary affiliated libraries.
650 0 _aParkinson's disease.
650 0 _aBrain
_xDiseases.
655 7 _aElectronic books.
_2local
700 1 _aRose, F. Clifford
_q(Frank Clifford)
700 1 _aNeilson, Stuart.
710 2 _aebrary, Inc.
856 4 0 _uhttp://site.ebrary.com/lib/rucke/Doc?id=10091337
_zAn electronic book accessible through the World Wide Web; click to view
999 _c53290
_d53290